00246nam a2200073Ia 4500008004100000100002000041245008400061260002700145201231s9999 xx 000 0 und d aKehoe, Kevin R. 0aExpanding leadership impact: A practical guide to managing people and processes aNew DelhibWheeler pub